书目信息 |
| 题名: |
模拟电子技术
|
|
| 作者: | 常桂兰 , 王丹利 , 任桂兰 主编 | |
| 分册: | ||
| 出版信息: | 北京 中国铁道出版社 2005.06 |
|
| 页数: | 256页 | |
| 开本: | 26cm | |
| 丛书名: | 高职高专计算机系列教材 | |
| 单 册: | ||
| 中图分类: | TN01 | |
| 科图分类: | ||
| 主题词: | 模拟电路--mo ni dian lu--电子技术--高等教育--教材 | |
| 电子资源: | ||
| ISBN: | 7-113-06530-9 | |
| 000 | 01041nam 2200277 450 | |
| 001 | 012006999143 | |
| 005 | 20060920161049.21 | |
| 010 | @a7-113-06530-9@dCNY23.00 | |
| 100 | @a20060625d2005 km y0chiy0120 ea | |
| 101 | 0 | @achi |
| 102 | @aCN@b110000 | |
| 105 | @aa a 000yy | |
| 200 | 1 | @a模拟电子技术@Amo ni dian zi ji shu@f常桂兰, 王丹利, 任桂兰主编@Fchang gui lan,wang dan li,ren gui lan zhu bian |
| 210 | @a北京@c中国铁道出版社@d2005.06 | |
| 215 | @a256页@c图@d26cm | |
| 225 | 2 | @a高职高专计算机系列教材@Agao zhi gao zhuan ji suan ji xi lie jiao cai |
| 320 | @a有书目。 | |
| 330 | @a全书共分9章。内容有:半导体二极管、半导体三极管及其基本放大电路、功率放大器、集成运算放大器、负反馈放大电路、信号发生电路等。 | |
| 410 | 0 | @12001 @a高职高专计算机系列教材 |
| 606 | 0 | @a模拟电路@Amo ni dian lu@x电子技术@x高等教育@j教材 |
| 690 | @aTN01@v4 | |
| 701 | 0 | @a常桂兰@Achang gui lan@4主编 |
| 701 | 0 | @a王丹利@Awang dan li@4主编 |
| 701 | 0 | @a任桂兰@Aren gui lan@4主编 |
| 801 | 0 | @aCN@bQSSK@c20060920 |
| 905 | @a10447@dTN01@eC276 | |
| 模拟电子技术/常桂兰, 王丹利, 任桂兰主编.-北京:中国铁道出版社,2005.06 |
| 256页:图;26cm.-(高职高专计算机系列教材) |
| ISBN 7-113-06530-9:CNY23.00 |
| 全书共分9章。内容有:半导体二极管、半导体三极管及其基本放大电路、功率放大器、集成运算放大器、负反馈放大电路、信号发生电路等。 |
| ● |
| 相关链接 |
|
|
|
正题名:模拟电子技术
索取号:TN01/C276
 
预约/预借
| 序号 | 登录号 | 条形码 | 馆藏地/架位号 | 状态 | 备注 |
| 1 | 591883 | 205918836 | 自科二线404/404自科库 9排6列4层/ [索取号:TN01/C276] | 在馆 | |
| 2 | 591884 | 205918845 | 自科库301/301自科库 23排3列4层/ [索取号:TN01/C276] | 在馆 | |
| 3 | 591885 | 205918854 | 自科库301/301自科库 23排3列4层/ [索取号:TN01/C276] | 在馆 |